The principles and practice of nurse education / (Record no. 5679)

MARC details
000 -LEADER
fixed length control field 00908cam a22002897a 4500
001 - CONTROL NUMBER
control field 12428320
003 - CONTROL NUMBER IDENTIFIER
control field OSt
005 - DATE AND TIME OF LATEST TRANSACTION
control field 20170313161623.0
008 - FIXED-LENGTH DATA ELEMENTS--GENERAL INFORMATION
fixed length control field 001019s2000 enka b 001 0 eng d
010 ## - LIBRARY OF CONGRESS CONTROL NUMBER
LC control number 2001347098
020 ## - INTERNATIONAL STANDARD BOOK NUMBER
International Standard Book Number 0748738959
035 ## - SYSTEM CONTROL NUMBER
System control number (OCoLC)ocm45196523
040 ## - CATALOGING SOURCE
Original cataloging agency TEF
Transcribing agency TEF
Modifying agency DLC
042 ## - AUTHENTICATION CODE
Authentication code lccopycat
050 00 - LIBRARY OF CONGRESS CALL NUMBER
Classification number RT71
Item number .Q56 2000
082 ## - DEWEY DECIMAL CLASSIFICATION NUMBER
Classification number WY 18
Item number Q4p 2000
100 1# - MAIN ENTRY--PERSONAL NAME
Personal name Quinn, Francis M.
9 (RLIN) 11818
245 14 - TITLE STATEMENT
Title The principles and practice of nurse education /
Statement of responsibility, etc. Francis M. Quinn.
250 ## - EDITION STATEMENT
Edition statement 4th ed.
260 ## - PUBLICATION, DISTRIBUTION, ETC. (IMPRINT)
Place of publication, distribution, etc. Cheltenham, U.K. :
Name of publisher, distributor, etc. Stanley Thornes,
Date of publication, distribution, etc. 2000.
300 ## - PHYSICAL DESCRIPTION
Extent x, 581 p. :
Other physical details ill. ;
Dimensions 25 cm.
504 ## - BIBLIOGRAPHY, ETC. NOTE
Bibliography, etc Includes bibliographical references and index.
650 #0 - SUBJECT ADDED ENTRY--TOPICAL TERM
Topical term or geographic name as entry element Nursing
General subdivision Study and teaching.
9 (RLIN) 11785
906 ## - LOCAL DATA ELEMENT F, LDF (RLIN)
a 7
b cbc
c copycat
d 2
e ncip
f 20
g y-gencatlg
942 ## - ADDED ENTRY ELEMENTS (KOHA)
Source of classification or shelving scheme Other/Generic Classification Scheme
Koha item type Open Shelf
Holdings
Withdrawn status Lost status Source of classification or shelving scheme Damaged status Not for loan Home library Current library Date acquired Source of acquisition Inventory number Total Checkouts Full call number Barcode Date last seen Date last checked out Price effective from Koha item type
    Other/Generic Classification Scheme     MUST Main Library MUST Main Library 13/03/2017   2009/31298 1 WY 18 Q4p 2000 2017-0378 20/11/2019 30/09/2019 13/03/2017 Open Shelf